| 000 | 009760000a22002170004500 | ||
|---|---|---|---|
| 020 |
_a987-1355-04-1 : _13.000 |
||
| 082 | 0 | 4 | _aG 232.91 S842h |
| 100 | 1 | _aSteuernagel, Valdir R. | |
| 245 | 1 | 0 | _aHacer teología junto a María / Valdir Steuernagel |
| 260 | _aBuenos Aires : Kairos | ||
| 300 | _a86 p. | ||
| 440 | 0 | _aCol. FTL ; no. 26 | |
| 500 | _aTítulo original: Fazendo teologia de olho na Maria | ||
| 505 | 0 | 0 | _aSolo entiende de teología quien ofrece el vientre - Hacer poesía con la acción histórica de Dios - La teología necesita nacer en el establo - La teología necesita un toque adolescente - hacer teología en expectativa desconcertada - caminar hasta el pie de la cruz - experimentar el gusto de la comunidad - aprender cosas del corazón. |
| 650 | 1 | 4 | _aTEOLOGIA - VIRGEN MARIA \ TEOLOGIA DOGMATICA |
| 001 | 13689 | ||
| 942 | _cBK | ||
| 999 |
_c42644 _d42644 |
||
| 336 |
_atexto _btxt _2rdacontent |
||
| 337 |
_2rdamedia _asin mediación _bn |
||
| 338 |
_2rdacarrier _avolumen _bnc |
||